000
00309nam a2200121Ia 4500
008
190216s9999||||xx |||||||||||||| ||und||
100
_a
Goel R P
245
0
_a
Objective Type & Short Answer- Question In Mathematics
260
_b
Young Man & Co
_c
1985
300
_a
372
650
_a
Mathematics
942
_c
REF
999
_c
35699
_d
35699